Statistics for Movie Monsters

Click here to take the quiz!

General Stats

  • This quiz has been taken 21 times
  • The average score is 3 of 6

Answer Stats

HintAnswer% Correct
All he wants is his lost ring. Was it a wedding ring?Gollum
88%
It's his monster not just himFrankenstein
82%
Giant reptile somehow moving through a schools plumbingBasilisk
47%
Giant white caloric manStay-Puft Marshmallow Man
35%
Bird lizards wishing to be immortalSkeksis
29%
She was in the bath of room 217 (or 237)Mrs. Massey
18%

Score Distribution

Percentile by Number Answered

Percent of People with Each Score

Your Score History

You have not taken this quiz